Countries of the world in their official/native language - Statistics

General Stats
  • This quiz has been taken 12 times
    4 since last reset
  • The average score is 82 of 196
Answers on the Map
Answers color-coded by a green-red scale on the quiz's map according to % correct below.
 
Answer Stats
Answer % Correct
Argentina
100%
Bahamas
100%
Belgie
100%
Belize
100%
Bolivia
100%
Canada
100%
Chile
100%
Colombia
100%
Costa Rica
100%
Cuba
100%
Deutschland
100%
Dominica
100%
Ecuador
100%
Espana
100%
France
100%
Guatemala
100%
Guyana
100%
Italia
100%
Mexico
100%
Panama
100%
Paraguay
100%
Peru
100%
Portugal
100%
United Kingdom
100%
United States
100%
Uruguay
100%
Venezuela
100%
Australia
75%
Brasil
75%
El Salvador
75%
Grenada
75%
Honduras
75%
Island
75%
Jamaica
75%
Mali
75%
Nederland
75%
Nicaragua
75%
NIger
75%
Nigeria
75%
Nihon
75%
Osterreich
75%
Schweiz
75%
Senegal
75%
South Africa
75%
St Kitts and Nevis
75%
St. Lucia
75%
St Vincent and the Grenadines
75%
Trinidad and Tobago
75%
Turkiye
75%
Angola
50%
Antigua and Barbuda
50%
Barbados
50%
Benin
50%
Bhaarat
50%
Botswana
50%
Burkina faso
50%
Burundi
50%
Cote D'ivoire
50%
Danmark
50%
Eire
50%
eSwatini
50%
Federated States of Micronesia
50%
Gabon
50%
Gambia
50%
Ghana
50%
Guinea Ecuatorial
50%
Guine-Bissau
50%
Guinee
50%
Indonesia
50%
Kenya
50%
Kiribati
50%
Lesotho
50%
Liberia
50%
Malawi
50%
Malaysia
50%
Malta
50%
Mocambique
50%
Moldova
50%
Mongol
50%
Namibia
50%
Norge
50%
Pakistan
50%
Papua New Guinea
50%
Polska
50%
Republica Dominicana
50%
Romania
50%
Rwanda
50%
Samoa
50%
Sierra Leone
50%
Singapore
50%
Solomon Islands
50%
Suomi
50%
Sverige
50%
Tanzania
50%
Togo
50%
Tunis
50%
Tuvalu
50%
Uganda
50%
Vanuatu
50%
Zambia
50%
Zimbabwe
50%
Aljazair
25%
Almaghrib
25%
Andorra
25%
Aotearoa
25%
Ayiti
25%
Azerbaycan
25%
Belaruss
25%
Belau
25%
Brunei
25%
Cabo Verde
25%
Cameroun
25%
Crna Gora
25%
Eesti
25%
Ellada
25%
Hayastan
25%
Hrvatska
25%
Kosova
25%
Lao
25%
Latvija
25%
Letzebuerg
25%
Libia
25%
Lietuva
25%
Lubnan
25%
Magyarorszag
25%
Moris
25%
Muritania
25%
Naoero
25%
O'zbekiston
25%
Pilipinas
25%
Qazaqstan
25%
Republique Democratique du Congo
25%
Republique du Congo
25%
Rossiya
25%
Sakartvelo
25%
San Marino
25%
Sao Tome e Principe
25%
Sesel
25%
Severna Makedonija
25%
Shqiperia
25%
Slovenija
25%
Slovensko
25%
South Sudan
25%
srbija
25%
Timor-Leste
25%
Tonga
25%
Turkmenistan
25%
Ukrayina
25%
Viet nam
25%
Yisrahel
25%
Zhongguo
25%
Alayman
0%
Al-Bahrayn
0%
Aleiraq
0%
Al-Imarat-Arabiyyah al-Muttahidah
0%
Alkuayt
0%
Al-Mamlaka al-Arabiyya
as Su'udiyya
0%
Alsuwdan Biallughat Alsuwdania
0%
Al'urdunu
0%
Aorokin Majel
0%
Avghanistan
0%
Banladesa
0%
Bosnia i Hercegovina
0%
Bukhan
0%
Bulgariya
0%
Ceska Republica
0%
Citta Del Vaticano
0%
Comores
0%
Daiwan
0%
Deahanmingug
0%
Dhivehi Raajje
0%
Druk Yul
0%
Eamaan
0%
Eerahn
0%
Ertra
0%
Ghitar
0%
itoophiyaa
0%
Jabuuti
0%
Kampucie
0%
Keepros
0%
Kurguzstan
0%
Liechtenstien
0%
Madagasikara
0%
Masr
0%
Mjema
0%
Munegu
0%
Nepala
0%
Prathesthiy
0%
Republique Centrafricaine
0%
Shree-Luhng-Kah
0%
Soomaaliya
0%
Sranang
0%
Suria
0%
Tojikston
0%
Tshad
0%
Viti
0%
No matching quizzes found
Score Distribution
Percent of People with Each Score
Percentile by Number Answered
Your Score History
You have not taken this quiz since the last reset